[Event "Maresme op 16th"]
[Site "Maresme"]
[Date "2019.09.29"]
[Round "1"]
[White "Capellades Subirana, Marc"]
[Black "Llopis Jordan, Lluis"]
[Result "1-0"]
[WhiteElo "2192"]
[BlackElo "1600"]
[PlyCount "65"]
[EventDate "2019.09.29"]
[EventType "swiss"]
[EventRounds "8"]
[EventCountry "ESP"]
[SourceTitle "CBM 193 Extra"]
[Source "ChessBase"]
[SourceDate "2020.01.31"]
[SourceVersion "1"]
[SourceVersionDate "2020.01.31"]
[SourceQuality "1"]

1. e4 c6 2. d4 d5 3. Nc3 dxe4 4. Nxe4 Nd7 5. Ng5 Ngf6 6. Bd3 e6 7. Ne2 Bd6 8. f4 0-0 9. 0-0 Qc7 10. Qe1 c5 11. c3 Rd8 12. Kh1 b6 13. Be3 Bb7 14. Qh4 g6 15. Ng3 Kg7 16. N3e4 Bxe4 17. Bxe4 Rac8 18. Bc2 h6 19. Nf3 Nd5 20. dxc5 Nxe3 21. cxd6 Qxd6 22. Rf2 Nxc2 23. Rxc2 Nf6 24. Rd2 Qc7 25. Nd4 Rd5 26. Re1 Qb7 27. Rde2 Re8 28. Qg3 Qb8 29. Qf3 Qd6 30. Re5 Kh7 31. g4 Qc5 32. h4 Rxe5 33. fxe5 1-0

[Event "Mem Vinas 15th B"]
[Site "Mataro"]
[Date "2019.06.15"]
[Round "6.3"]
[White "Sanchez Parare, Loresmar Karin"]
[Black "Llopis Jordan, Lluis"]
[Result "0-1"]
[WhiteElo "1499"]
[BlackElo "1633"]
[PlyCount "100"]
[EventDate "2019.05.04"]
[EventType "swiss"]
[EventRounds "8"]
[EventCountry "ESP"]
[SourceTitle "EXT 2024"]
[Source "ChessBase"]
[SourceDate "2023.10.10"]
[SourceVersion "1"]
[SourceVersionDate "2023.10.10"]
[SourceQuality "1"]

1. Nf3 f5 2. c4 Nf6 3. e3 e6 4. d4 d5 5. a3 a5 6. b3 c6 7. Bb2 Nbd7 8. Qc2 Ne4 9. Nc3 Ndf6 10. Nxe4 Nxe4 11. Bd3 Nf6 12. Ne5 Bd7 13. c5 Be7 14. 0-0 0-0 15. b4 Qe8 16. Qe2 Ne4 17. f3 Ng5 18. Bc3 Bd8 19. Rab1 Bc8 20. b5 Nf7 21. f4 Nxe5 22. fxe5 cxb5 23. Bxb5 Bd7 24. Bxd7 Qxd7 25. Rb5 Qc6 26. Qb2 b6 27. cxb6 a4 28. Rb1 Rb8 29. Ba5 Rf7 30. Rc1 Qb7 31. Qb4 Bg5 32. Rc3 f4 33. exf4 Bxf4 34. Rf3 Rbf8 35. Qc3 Qa6 36. Rb1 Rc8 37. Qe1 Qc4 38. Bc3 Rb8 39. Kh1 Qc6 40. Ba5 Qc4 41. Bc3 Qc6 42. Ba5 Qc4 43. Qc3 Qe2 44. Qe1 Qc4 45. Qb4 Qe2 46. Qe1 Qc2 47. Qd1 Qg6 48. g3 Bh6 49. Rxf7 Qxf7 50. Qxa4 Qf3+ 0-1

[Event "Maresme op 15th"]
[Site "Maresme"]
[Date "2018.12.01"]
[Round "9"]
[White "Llopis Jordan, Lluis"]
[Black "Garcia Argemi, Josep"]
[Result "1/2-1/2"]
[WhiteElo "1645"]
[BlackElo "1660"]
[PlyCount "28"]
[EventDate "2018.09.29"]
[EventType "swiss"]
[EventRounds "9"]
[EventCountry "ESP"]
[SourceTitle "EXT 2024"]
[Source "ChessBase"]
[SourceDate "2023.10.10"]
[SourceVersion "1"]
[SourceVersionDate "2023.10.10"]
[SourceQuality "1"]

1. c4 c5 2. Nc3 Nf6 3. g3 Nc6 4. Bg2 g6 5. Nf3 Bg7 6. e4 d6 7. 0-0 Bg4 8. h3 Bxf3 9. Qxf3 0-0 10. d3 Nd4 11. Qd1 Qd7 12. Be3 a6 13. Qd2 Rab8 14. a4 Nb3 1/2-1/2

[Event "Mataro Vinas Memorial 14th"]
[Site "Mataro"]
[Date "2018.06.09"]
[Round "9"]
[White "Llopis Jordan, Lluis"]
[Black "Rocamora Martinez, Didac"]
[Result "0-1"]
[WhiteElo "1755"]
[BlackElo "1512"]
[PlyCount "82"]
[EventDate "2018.04.07"]
[EventType "swiss"]
[EventRounds "9"]
[EventCountry "ESP"]
[SourceTitle "EXT 2019"]
[Source "ChessBase"]
[SourceDate "2018.10.10"]
[SourceVersion "1"]
[SourceVersionDate "2018.10.10"]
[SourceQuality "1"]

1. d4 Nf6 2. c4 g6 3. Nc3 Bg7 4. e4 d6 5. f4 0-0 6. Nf3 Nbd7 7. Be2 Ng4 8. Ng5 Nh6 9. 0-0 e5 10. fxe5 dxe5 11. d5 a5 12. Be3 b6 13. Rc1 Nc5 14. Bxc5 Qxg5 15. Bxf8 Bh3 16. Bf3 Rxf8 17. Rf2 Ng4 18. Bxg4 Bxg4 19. Qf1 Qe3 20. Re1 Qc5 21. h3 Bd7 22. Kh1 f5 23. b3 f4 24. Rf3 Bf6 25. Qg1 Qe7 26. Ne2 Bh4 27. Rc1 Qg5 28. c5 b5 29. c6 Bc8 30. Qa7 Qd8 31. Qxa5 g5 32. Ng1 g4 33. hxg4 Bxg4 34. Rd3 Bf2 35. Rh3 f3 36. Qc3 fxg2+ 37. Kxg2 Bxh3+ 38. Nxh3 Qh4 39. Qd3 Qg4+ 40. Kh2 Rf3 41. Nxf2 Rxf2+ 0-1

[Event "Maresme op 14th"]
[Site "Maresme"]
[Date "2017.11.11"]
[Round "6"]
[White "Gonzalez Cominelli, Alejo Gabriel"]
[Black "Llopis Jordan, Lluis"]
[Result "0-1"]
[WhiteElo "1948"]
[BlackElo "1741"]
[PlyCount "116"]
[EventDate "2017.09.30"]
[EventType "swiss"]
[EventRounds "9"]
[EventCountry "ESP"]
[SourceTitle "CBM 181 Extra"]
[Source "ChessBase"]
[SourceDate "2017.12.12"]
[SourceVersion "1"]
[SourceVersionDate "2017.12.12"]
[SourceQuality "1"]

1. a3 f5 2. b4 Nf6 3. Bb2 e6 4. c4 b6 5. Nc3 Bb7 6. d4 d5 7. c5 Nbd7 8. Nf3 Be7 9. e3 c6 10. Ne2 Ne4 11. h4 Bf6 12. Nf4 Kf7 13. Qc2 a5 14. bxa5 bxc5 15. Be2 Qxa5+ 16. Kf1 Ba6 17. dxc5 Qxc5 18. Qxc5 Nexc5 19. Bxf6 gxf6 20. Ra2 e5 21. Nh5 Rhb8 22. Nd2 Ne4 23. Ng3 Nxd2+ 24. Ke1 Bxe2 25. Kxe2 Nc4 26. Rha1 Ke6 27. Kd3 Nc5+ 28. Kc2 Ra5 29. Ne2 Rba8 30. Kc3 Rxa3+ 31. Rxa3 Rxa3+ 32. Rxa3 Nxa3 33. Kb4 Nd3+ 34. Kxa3 Nxf2 35. Kb4 Ne4 36. Kb3 c5 37. Kc2 c4 38. Nc1 Kd6 39. Na2 Kc5 40. Nc1 Nf2 41. Ne2 Ng4 42. Kd2 d4 43. exd4+ exd4 44. Ng3 Ne3 45. Nh5 Nxg2 46. Nxf6 Nxh4 47. Nxh7 f4 48. Ng5 f3 49. Kd1 c3 50. Kc2 Kc4 51. Ne4 d3+ 52. Kc1 Kd4 53. Nf2 Nf5 54. Ng4 Ne3 55. Nf2 d2+ 56. Kb1 d1Q+ 57. Nxd1 Nxd1 58. Kc2 Ne3+ 0-1

[Event "Maresme op 14th"]
[Site "Maresme"]
[Date "2017.11.04"]
[Round "5"]
[White "Llopis Jordan, Lluis"]
[Black "Martin Villanova, Jordi"]
[Result "1/2-1/2"]
[WhiteElo "1741"]
[BlackElo "1918"]
[PlyCount "54"]
[EventDate "2017.09.30"]
[EventType "swiss"]
[EventRounds "9"]
[EventCountry "ESP"]
[SourceTitle "CBM 181 Extra"]
[Source "ChessBase"]
[SourceDate "2017.12.12"]
[SourceVersion "1"]
[SourceVersionDate "2017.12.12"]
[SourceQuality "1"]

1. d4 d5 2. c4 e6 3. Nc3 f5 4. Nf3 Nf6 5. Bf4 c6 6. Qb3 Bd6 7. Bxd6 Qxd6 8. cxd5 exd5 9. e3 0-0 10. Ne5 Nbd7 11. f4 Kh8 12. Be2 Ne4 13. Nxe4 fxe4 14. 0-0-0 a5 15. g4 Nxe5 16. dxe5 Qb4 17. Qc2 g6 18. h4 Qe7 19. g5 Be6 20. Kb1 Rfc8 21. h5 Kg7 22. Qc1 Bf5 23. hxg6 hxg6 24. Rh6 Rh8 25. Rdh1 Rxh6 26. Rxh6 Rh8 27. Rxh8 Kxh8 1/2-1/2

[Event "Mataro Maresme op-A 13th"]
[Site "Mataro"]
[Date "2016.11.26"]
[Round "8"]
[White "Shukorov, Artem"]
[Black "Llopis Jordan, Lluis"]
[Result "0-1"]
[WhiteElo "1761"]
[BlackElo "1737"]
[PlyCount "74"]
[EventDate "2016.10.08"]
[EventType "swiss"]
[EventRounds "9"]
[EventCountry "ESP"]
[SourceTitle "EXT 2018"]
[Source "ChessBase"]
[SourceDate "2017.10.13"]
[SourceVersion "1"]
[SourceVersionDate "2017.10.13"]
[SourceQuality "1"]

1. e4 c6 2. d4 d5 3. Nc3 dxe4 4. Nxe4 Nd7 5. Nf3 Ngf6 6. Nxf6+ Nxf6 7. Bd3 Bg4 8. c3 e6 9. Bg5 Be7 10. 0-0 Qd5 11. Bh4 Bxf3 12. Qxf3 Qxf3 13. gxf3 0-0-0 14. Rfd1 h6 15. b4 g5 16. Bg3 Nd5 17. Rdc1 h5 18. h3 Bd6 19. b5 f5 20. Bxd6 Rxd6 21. bxc6 Rxc6 22. c4 Nf4 23. Bf1 Rd8 24. Rd1 Rcd6 25. d5 exd5 26. cxd5 Rxd5 27. Rac1+ Kb8 28. Rxd5 Rxd5 29. Re1 Ra5 30. Re8+ Kc7 31. Rg8 Rxa2 32. Rxg5 Ra5 33. Kh2 Kd6 34. Kg3 Ke5 35. Bc4 Ra1 36. Kh2 a5 37. Bf7 Kf6 0-1

[Event "Mataro Vinas Memorial 12th"]
[Site "Mataro"]
[Date "2016.05.14"]
[Round "6"]
[White "Llopis Jordan, Lluis"]
[Black "Gonzalez Saguillo, Oriol"]
[Result "0-1"]
[WhiteElo "1786"]
[BlackElo "1770"]
[PlyCount "108"]
[EventDate "2016.04.09"]
[EventType "swiss"]
[EventRounds "9"]
[EventCountry "ESP"]
[SourceTitle "EXT 2017"]
[Source "ChessBase"]
[SourceDate "2016.10.25"]
[SourceVersion "1"]
[SourceVersionDate "2016.10.25"]
[SourceQuality "1"]

1. d4 Nf6 2. c4 e6 3. Nc3 d5 4. Bg5 Nbd7 5. e3 c6 6. Nf3 Qa5 7. cxd5 Nxd5 8. Qb3 N7f6 9. Bxf6 Nxf6 10. Bd3 Be7 11. 0-0 0-0 12. Qc2 Qh5 13. Ne5 Bd6 14. Be2 Qf5 15. Qxf5 exf5 16. Nc4 Bc7 17. h3 Re8 18. f4 Be6 19. Ne5 Rad8 20. b3 Ba5 21. Rac1 Nd5 22. Nxd5 Bxd5 23. Kf2 Kf8 24. Bc4 f6 25. Bxd5 fxe5 26. Bf3 exd4 27. exd4 Bb6 28. Rfe1 Bxd4+ 29. Kg3 Be3 30. Rcd1 Rxd1 31. Rxd1 Ke7 32. Be2 Bc5 33. Bc4 Kf6 34. Rd7 b5 35. Rc7 bxc4 36. Rxc6+ Re6 37. Rxc5 cxb3 38. axb3 Rb6 39. Rc3 h6 40. h4 Kg6 41. Kf3 Kh5 42. g3 g6 43. Re3 Ra6 44. Rd3 Ra3 45. Kf2 a5 46. Rd5 Kg4 47. Rd6 Kh5 48. Rb6 a4 49. bxa4 Rxa4 50. Rb3 Kg4 51. Kg2 Ra2+ 52. Kg1 Kh3 53. Rb6 Rg2+ 54. Kf1 Rxg3 0-1

[Event "L'Hospitalet de Llobregat op 6th"]
[Site "L'Hospitalet de Llobregat"]
[Date "2015.05.16"]
[Round "5.9"]
[White "Llopis Jordan, Lluis"]
[Black "Cervello Tost, Roger"]
[Result "0-1"]
[WhiteElo "1943"]
[BlackElo "2178"]
[PlyCount "138"]
[EventDate "2015.04.11"]
[EventType "swiss"]
[EventRounds "8"]
[EventCountry "ESP"]
[SourceTitle "EXT 2024"]
[Source "ChessBase"]
[SourceDate "2023.10.10"]
[SourceVersion "1"]
[SourceVersionDate "2023.10.10"]
[SourceQuality "1"]

1. d4 d5 2. c4 e6 3. Nc3 Nf6 4. Bg5 Nbd7 5. e3 c6 6. cxd5 exd5 7. Bd3 Be7 8. Nf3 0-0 9. 0-0 Re8 10. Qc2 Nf8 11. Rfe1 Ne4 12. Bxe4 Bxg5 13. Bd3 Bf6 14. h3 g5 15. Bf5 h5 16. g4 Bd7 17. Nh2 Qc8 18. Bxd7 Qxd7 19. f3 Ng6 20. Kf2 Qd6 21. Nf1 Kg7 22. Ng3 Nh4 23. Nxh5+ Kh6 24. Rh1 Re6 25. Rae1 Rae8 26. Qd3 a6 27. Re2 Qe7 28. Rhe1 Bh8 29. Ng3 Qc7 30. e4 Rf6 31. Re3 Rf4 32. e5 Qb6 33. Nge2 Bxe5 34. Rxe5 Rxe5 35. Nxf4 Rxe1 36. Nfxd5 cxd5 37. Kxe1 Qxd4 38. Qxd4 Nxf3+ 39. Kf2 Nxd4 40. Nxd5 Nc6 41. Ke3 Kg6 42. Ke4 a5 43. a4 f6 44. b3 Kf7 45. Ne3 Ke6 46. Nd5 Ne5 47. Nc7+ Kd6 48. Ne8+ Ke7 49. Ng7 Ng6 50. Nh5 Nf8 51. Kf5 Nd7 52. Ng7 Nc5 53. Nh5 Nxb3 54. Nxf6 Nc5 55. Kxg5 Nxa4 56. Kf5 Nc5 57. g5 a4 58. Nd5+ Kf7 59. Nb4 a3 60. h4 Nd3 61. Na2 b5 62. g6+ Kg7 63. h5 b4 64. h6+ Kxh6 65. Kf6 b3 66. g7 Kh7 67. Kf7 Ne5+ 68. Kf8 Ng6+ 69. Kf7 Ne7 0-1

[Event "Mataro op 11th"]
[Site "Mataro"]
[Date "2014.09.27"]
[Round "1"]
[White "Llopis Jordan, Lluis"]
[Black "Olleta Tanya, Jordi"]
[Result "1-0"]
[WhiteElo "1908"]
[BlackElo "1749"]
[PlyCount "57"]
[EventDate "2014.09.27"]
[EventType "swiss"]
[EventRounds "9"]
[EventCountry "ESP"]
[SourceTitle "EXT 2016"]
[Source "ChessBase"]
[SourceDate "2015.10.08"]
[SourceVersion "1"]
[SourceVersionDate "2015.10.08"]
[SourceQuality "1"]

1. d4 Nf6 2. c4 g6 3. Nc3 d5 4. Bg5 dxc4 5. e3 Bg7 6. Bxc4 c6 7. Nf3 Nd5 8. Qb3 Be6 9. Qxb7 Nb6 10. Bxe6 fxe6 11. Bf4 Qd7 12. Qxd7+ N8xd7 13. Ne4 0-0 14. Neg5 e5 15. dxe5 Nd5 16. Ne6 Nxf4 17. exf4 Rfb8 18. Nc7 Nc5 19. 0-0-0 Rc8 20. Nxa8 Rxa8 21. Rd4 Ne6 22. Rc4 Rc8 23. Rd1 Rc7 24. Kb1 Kf7 25. g3 h6 26. Rdc1 Nd8 27. Nd4 Bf8 28. Nxc6 Nxc6 29. Rxc6 1-0